[Event "Russian Blitz Championship (m)"]
[Site "Sochi"]
[Date "2022.10.14"]
[Round "2.18"]
[White "Zakhartsov, Vladimir"]
[Black "Jary, Sergey"]
[Result "1-0"]
[BlackElo "2260"]
[WhiteElo "2492"]
[LiveChessVersion "1.4.8"]

1. e4 {[%clk 0:03:03]} e6 {[%clk 0:03:00]} 2. d4 {[%clk 0:03:04]} d5
{[%clk 0:03:01]} 3. Nd2 {[%clk 0:03:05]} Nf6 {[%clk 0:03:02]} 4. Bd3
{[%clk 0:03:06]} c5 {[%clk 0:03:02]} 5. e5 {[%clk 0:03:08]} Nfd7 6. c3 Nc6
{[%clk 0:03:04]} 7. Ne2 {[%clk 0:03:10]} c4 {[%clk 0:03:06]} 8. Bc2
{[%clk 0:03:10]} b5 {[%clk 0:03:07]} 9. f4 {[%clk 0:03:05]} g6 {[%clk 0:03:08]}
10. O-O {[%clk 0:03:03]} h5 {[%clk 0:03:07]} 11. Nf3 {[%clk 0:02:52]} Nb6
{[%clk 0:03:08]} 12. Be3 {[%clk 0:02:45]} a5 {[%clk 0:03:09]} 13. Bf2
{[%clk 0:02:43]} a4 {[%clk 0:03:07]} 14. Bh4 {[%clk 0:02:43]} Be7
{[%clk 0:03:08]} 15. Bxe7 {[%clk 0:02:36]} Nxe7 {[%clk 0:03:04]} 16. a3
{[%clk 0:02:37]} Bd7 {[%clk 0:03:02]} 17. Ng5 {[%clk 0:02:35]} Qc7
{[%clk 0:03:02]} 18. g3 {[%clk 0:02:24]} Bc6 {[%clk 0:02:59]} 19. h3
{[%clk 0:02:22]} Nf5 {[%clk 0:02:55]} 20. Kf2 {[%clk 0:02:19]} O-O-O
{[%clk 0:02:54]} 21. Qd2 {[%clk 0:02:11]} Qe7 {[%clk 0:02:53]} 22. Rh1
{[%clk 0:02:08]} Nd7 {[%clk 0:02:50]} 23. Rag1 {[%clk 0:02:06]} Kb7
{[%clk 0:02:49]} 24. Ke1 {[%clk 0:02:07]} h4 {[%clk 0:02:36]} 25. g4
{[%clk 0:02:04]} Ng7 {[%clk 0:02:37]} 26. Kd1 {[%clk 0:01:59]} Nf8
{[%clk 0:02:31]} 27. Rf1 {[%clk 0:01:55]} Bd7 {[%clk 0:02:27]} 28. Kc1
{[%clk 0:01:55]} Nh7 {[%clk 0:02:28]} 29. Nf3 {[%clk 0:01:48]} Ne8
{[%clk 0:02:21]} 30. Kb1 {[%clk 0:01:43]} Nc7 {[%clk 0:02:22]} 31. Neg1
{[%clk 0:01:39]} Rdg8 {[%clk 0:02:08]} 32. Qe1 {[%clk 0:01:37]} g5
{[%clk 0:02:00]} 33. Bxh7 {[%clk 0:01:33]} Rxh7 {[%clk 0:02:01]} 34. Nxg5
{[%clk 0:01:33]} Rxg5 {[%clk 0:01:55]} 35. fxg5 {[%clk 0:01:33]} Qxg5
{[%clk 0:01:56]} 36. Qc1 {[%clk 0:01:29]} Qg7 {[%clk 0:01:55]} 37. Ne2
{[%clk 0:01:27]} Ne8 {[%clk 0:01:53]} 38. Nf4 {[%clk 0:01:27]} f6
{[%clk 0:01:34]} 39. Nh5 {[%clk 0:01:28]} Qg6+ {[%clk 0:01:35]} 40. Qc2
{[%clk 0:01:25]} Qxc2+ {[%clk 0:01:36]} 41. Kxc2 {[%clk 0:01:26]} fxe5
{[%clk 0:01:37]} 42. dxe5 {[%clk 0:01:26]} Bc6 {[%clk 0:01:35]} 43. Nf6
{[%clk 0:01:17]} Rh8 {[%clk 0:01:33]} 44. Nxe8 {[%clk 0:01:16]} Rxe8
{[%clk 0:01:34]} 45. Rf7+ {[%clk 0:01:16]} Kb6 {[%clk 0:01:35]} 46. Rg1
{[%clk 0:01:07]} Rg8 {[%clk 0:01:34]} 47. g5 {[%clk 0:01:07]} Be8
{[%clk 0:01:34]} 48. Rf6 {[%clk 0:01:07]} Bg6+ {[%clk 0:01:36]} 49. Kd2
{[%clk 0:01:06]} Bf5 {[%clk 0:01:37]} 50. g6 {[%clk 0:01:04]} Rg7
{[%clk 0:01:30]} 51. Ke3 {[%clk 0:01:00]} Kc5 {[%clk 0:01:30]} 52. Kf4
{[%clk 0:00:57]} Bxh3 {[%clk 0:01:23]} 53. Rf7 {[%clk 0:00:55]} Rg8
{[%clk 0:01:24]} 54. g7 {[%clk 0:00:54]} d4 {[%clk 0:01:22]} 55. cxd4+
{[%clk 0:00:54]} Kxd4 {[%clk 0:01:23]} 56. Rf8 {[%clk 0:00:54]} Kd5 57. Ke4+ 1-0

[Event "Russian Blitz Championship (m)"]
[Site "Sochi"]
[Date "2022.10.14"]
[Round "2.19"]
[White "Yatzenko, Anton"]
[Black "Bocharov, Dmitry"]
[Result "0-1"]
[BlackElo "2484"]
[WhiteElo "2270"]
[LiveChessVersion "1.4.8"]

1. d4 {[%clk 0:03:02]} Nf6 {[%clk 0:03:03]} 2. Nf3 {[%clk 0:03:03]} e6
{[%clk 0:03:03]} 3. Bf4 {[%clk 0:03:03]} Be7 {[%clk 0:03:02]} 4. h3
{[%clk 0:03:03]} c5 {[%clk 0:03:02]} 5. e3 {[%clk 0:03:04]} b6 {[%clk 0:03:03]}
6. Be2 {[%clk 0:02:59]} O-O {[%clk 0:03:00]} 7. O-O {[%clk 0:03:00]} cxd4
{[%clk 0:02:50]} 8. exd4 {[%clk 0:03:02]} Ba6 {[%clk 0:02:49]} 9. Re1
{[%clk 0:02:59]} Bxe2 {[%clk 0:02:44]} 10. Qxe2 {[%clk 0:03:00]} d6
{[%clk 0:02:41]} 11. a4 {[%clk 0:02:58]} a6 {[%clk 0:02:38]} 12. c3
{[%clk 0:02:56]} Nbd7 {[%clk 0:02:36]} 13. Nbd2 {[%clk 0:02:56]} Re8
{[%clk 0:02:36]} 14. Ne4 {[%clk 0:02:49]} Qc7 {[%clk 0:02:33]} 15. Bh2
{[%clk 0:02:39]} Qc6 {[%clk 0:02:28]} 16. Neg5 {[%clk 0:02:11]} Bf8
{[%clk 0:02:19]} 17. Nd2 {[%clk 0:01:55]} h6 {[%clk 0:01:42]} 18. Nge4
{[%clk 0:01:53]} b5 {[%clk 0:01:42]} 19. Qf3 {[%clk 0:01:21]} d5 {[%clk 0:01:36]}
20. Nxf6+ {[%clk 0:01:20]} Nxf6 {[%clk 0:01:36]} 21. Qd3 {[%clk 0:01:11]} bxa4
{[%clk 0:01:34]} 22. Ra2 {[%clk 0:01:05]} Rec8 {[%clk 0:01:27]} 23. Rc1
{[%clk 0:00:42]} Ra7 {[%clk 0:01:08]} 24. Nf3 {[%clk 0:00:31]} Qb5
{[%clk 0:01:00]} 25. Qd1 {[%clk 0:00:31]} a3 {[%clk 0:00:58]} 26. bxa3
{[%clk 0:00:12]} Rb7 {[%clk 0:00:56]} 27. Bf4 {[%clk 0:00:12]} Ne4
{[%clk 0:00:56]} 28. Bd2 Qb3 {[%clk 0:00:56]} 29. Raa1 {[%clk 0:00:07]} Qxd1+
{[%clk 0:00:52]} 30. Rxd1 {[%clk 0:00:07]} Nxc3 31. Bxc3 {[%clk 0:00:09]} Rxc3
{[%clk 0:00:49]} 32. a4 {[%clk 0:00:09]} a5 {[%clk 0:00:44]} 33. Rdc1
{[%clk 0:00:05]} Rbc7 {[%clk 0:00:41]} 34. Rxc3 {[%clk 0:00:06]} Rxc3
{[%clk 0:00:42]} 35. Kf1 {[%clk 0:00:07]} f6 {[%clk 0:00:39]} 36. Ke2
{[%clk 0:00:08]} Rc2+ {[%clk 0:00:38]} 37. Ke3 {[%clk 0:00:08]} Bb4
{[%clk 0:00:38]} 38. g4 {[%clk 0:00:04]} Kf7 {[%clk 0:00:39]} 39. h4
{[%clk 0:00:05]} Ke7 {[%clk 0:00:32]} 40. g5 {[%clk 0:00:05]} h5 {[%clk 0:00:31]}
41. gxf6+ {[%clk 0:00:06]} gxf6 {[%clk 0:00:33]} 42. Rg1 {[%clk 0:00:06]} Kf7
{[%clk 0:00:34]} 43. Ra1 {[%clk 0:00:08]} Rc3+ {[%clk 0:00:33]} 44. Ke2
{[%clk 0:00:09]} Rc2+ {[%clk 0:00:32]} 45. Ke3 {[%clk 0:00:11]} Rb2
{[%clk 0:00:30]} 46. Rc1 {[%clk 0:00:10]} Rb3+ {[%clk 0:00:31]} 47. Ke2
{[%clk 0:00:11]} Ra3 {[%clk 0:00:31]} 48. Rc7+ {[%clk 0:00:12]} Kg6
{[%clk 0:00:32]} 49. Rc6 {[%clk 0:00:11]} Kf5 {[%clk 0:00:33]} 50. Rc8
{[%clk 0:00:08]} Ra2+ {[%clk 0:00:30]} 51. Ke3 {[%clk 0:00:09]} Ra3+
{[%clk 0:00:30]} 52. Ke2 {[%clk 0:00:10]} Rxa4 {[%clk 0:00:31]} 53. Rh8
{[%clk 0:00:11]} Ke4 {[%clk 0:00:26]} 54. Ng1 {[%clk 0:00:06]} Ra1
{[%clk 0:00:22]} 0-1

[Event "Russian Blitz Championship (m)"]
[Site "Sochi"]
[Date "2022.10.14"]
[Round "2.20"]
[White "Triapishko, Alexandr"]
[Black "Goltsev, Dmitry"]
[Result "1-0"]
[BlackElo "2257"]
[WhiteElo "2479"]
[LiveChessVersion "1.4.8"]

1. Nf3 {[%clk 0:03:02]} d5 {[%clk 0:03:03]} 2. g3 {[%clk 0:03:03]} Nf6
{[%clk 0:03:04]} 3. Bg2 {[%clk 0:03:04]} c5 {[%clk 0:03:05]} 4. O-O
{[%clk 0:03:03]} Nc6 {[%clk 0:03:06]} 5. d4 {[%clk 0:03:04]} cxd4
{[%clk 0:03:05]} 6. Nxd4 {[%clk 0:03:05]} e5 {[%clk 0:03:04]} 7. Nxc6
{[%clk 0:03:06]} bxc6 {[%clk 0:03:05]} 8. c4 {[%clk 0:03:07]} Be6
{[%clk 0:03:02]} 9. Qa4 {[%clk 0:02:45]} Qd7 {[%clk 0:02:57]} 10. cxd5
{[%clk 0:02:34]} cxd5 {[%clk 0:02:56]} 11. Qxd7+ {[%clk 0:02:34]} Kxd7
{[%clk 0:02:40]} 12. Rd1 {[%clk 0:02:35]} Rc8 {[%clk 0:02:17]} 13. Nc3
{[%clk 0:02:29]} Bb4 {[%clk 0:01:29]} 14. Nxd5 {[%clk 0:02:25]} Nxd5
{[%clk 0:01:28]} 15. Bxd5 {[%clk 0:02:26]} Bxd5 {[%clk 0:01:29]} 16. Rxd5+
{[%clk 0:02:26]} Ke6 {[%clk 0:01:30]} 17. Rb5 {[%clk 0:02:26]} Be7
{[%clk 0:01:18]} 18. Be3 {[%clk 0:02:17]} Rc7 {[%clk 0:01:07]} 19. Ra5
{[%clk 0:02:07]} Rb8 {[%clk 0:00:56]} 20. b3 {[%clk 0:02:03]} Rbb7
{[%clk 0:00:50]} 21. Ra6+ {[%clk 0:01:56]} Kf5 {[%clk 0:00:50]} 22. f3
{[%clk 0:01:49]} f6 {[%clk 0:00:51]} 23. g4+ {[%clk 0:01:37]} Kg6
{[%clk 0:00:52]} 24. Kf2 {[%clk 0:01:21]} Bc5 {[%clk 0:00:38]} 25. Rd1
{[%clk 0:01:20]} Bxe3+ {[%clk 0:00:29]} 26. Kxe3 {[%clk 0:01:20]} Rc2
{[%clk 0:00:30]} 27. Rd2 {[%clk 0:01:18]} Rc1 {[%clk 0:00:29]} 28. Rd5
{[%clk 0:00:59]} Rc2 {[%clk 0:00:30]} 29. h4 Rbc7 {[%clk 0:00:28]} 30. Rxe5
{[%clk 0:00:23]} Rb2 {[%clk 0:00:24]} 31. h5+ {[%clk 0:00:17]} Kh6
{[%clk 0:00:09]} 32. g5+ {[%clk 0:00:18]} Kxh5 {[%clk 0:00:10]} 33. gxf6+
{[%clk 0:00:19]} Kg6 {[%clk 0:00:11]} 34. Re7 {[%clk 0:00:12]} Rc3+
{[%clk 0:00:08]} 35. Kd4 {[%clk 0:00:09]} Rc8 {[%clk 0:00:06]} 36. f7+
{[%clk 0:00:07]} 1-0

[Event "Russian Blitz Championship (m)"]
[Site "Sochi"]
[Date "2022.10.14"]
[Round "3.1"]
[White "Rozum, Ivan"]
[Black "Artemiev, Vladislav"]
[Result "0-1"]
[BlackElo "2832"]
[WhiteElo "2428"]
[LiveChessVersion "1.4.8"]

1. c4 {[%clk 0:03:02]} e5 {[%clk 0:03:03]} 2. Nc3 {[%clk 0:03:02]} Nf6
{[%clk 0:03:03]} 3. Nf3 {[%clk 0:03:03]} Nc6 {[%clk 0:03:03]} 4. e4
{[%clk 0:03:03]} d6 {[%clk 0:03:02]} 5. d4 {[%clk 0:03:01]} Bg4 {[%clk 0:03:02]}
6. d5 {[%clk 0:03:00]} Nd4 {[%clk 0:03:03]} 7. Be2 {[%clk 0:03:00]} Nxe2
{[%clk 0:02:45]} 8. Qxe2 {[%clk 0:03:00]} Be7 {[%clk 0:02:45]} 9. h3
{[%clk 0:02:54]} Bxf3 {[%clk 0:02:45]} 10. Qxf3 {[%clk 0:02:54]} Nd7
{[%clk 0:02:46]} 11. O-O {[%clk 0:02:38]} O-O {[%clk 0:02:45]} 12. Be3
{[%clk 0:02:31]} a5 {[%clk 0:02:34]} 13. a3 {[%clk 0:02:19]} a4 {[%clk 0:01:33]}
14. Qd1 {[%clk 0:02:19]} Nf6 {[%clk 0:01:33]} 15. b4 {[%clk 0:01:42]} axb3
{[%clk 0:01:32]} 16. Qxb3 {[%clk 0:01:42]} b6 {[%clk 0:01:30]} 17. Qc2
{[%clk 0:01:27]} Nd7 {[%clk 0:01:19]} 18. Qd2 {[%clk 0:01:02]} h6
{[%clk 0:01:18]} 19. a4 {[%clk 0:00:46]} Bg5 {[%clk 0:01:17]} 20. Ra3
{[%clk 0:00:44]} Bxe3 {[%clk 0:01:04]} 21. Qxe3 {[%clk 0:00:44]} Nc5
{[%clk 0:01:05]} 22. Rfa1 {[%clk 0:00:44]} Ra5 {[%clk 0:01:06]} 23. g3
{[%clk 0:00:17]} Qd7 {[%clk 0:01:04]} 24. h4 {[%clk 0:00:17]} Rfa8
{[%clk 0:00:54]} 25. Qf3 {[%clk 0:00:16]} Nxa4 {[%clk 0:00:22]} 26. Nxa4
{[%clk 0:00:17]} Rxa4 {[%clk 0:00:23]} 27. Rxa4 {[%clk 0:00:18]} Rxa4
{[%clk 0:00:24]} 28. Rxa4 {[%clk 0:00:19]} Qxa4 {[%clk 0:00:25]} 29. Qf5
{[%clk 0:00:20]} Qe8 {[%clk 0:00:16]} 30. h5 {[%clk 0:00:20]} c6 {[%clk 0:00:17]}
31. Kg2 {[%clk 0:00:12]} cxd5 {[%clk 0:00:08]} 32. exd5 {[%clk 0:00:13]} Qd8
{[%clk 0:00:05]} 33. g4 {[%clk 0:00:11]} Qc7 {[%clk 0:00:06]} 34. Qe4
{[%clk 0:00:07]} Qc8 {[%clk 0:00:05]} 35. f3 {[%clk 0:00:07]} Qa8
{[%clk 0:00:06]} 36. Kg3 {[%clk 0:00:06]} Qa1 {[%clk 0:00:07]} 37. Qc2
{[%clk 0:00:04]} Qg1+ {[%clk 0:00:07]} 38. Kh3 {[%clk 0:00:06]} Qf1+
{[%clk 0:00:06]} 39. Kg3 {[%clk 0:00:07]} Qe1+ {[%clk 0:00:06]} 40. Kg2
{[%clk 0:00:07]} Qe3 {[%clk 0:00:06]} 41. Qa4 {[%clk 0:00:07]} Kh7
{[%clk 0:00:05]} 42. Qb5 {[%clk 0:00:06]} e4 {[%clk 0:00:05]} 43. fxe4
{[%clk 0:00:07]} Qxe4+ {[%clk 0:00:06]} 44. Kg3 {[%clk 0:00:08]} Qe3+
{[%clk 0:00:07]} 45. Kg2 {[%clk 0:00:09]} Qf4 {[%clk 0:00:06]} 46. Qd7
{[%clk 0:00:07]} Qxc4 {[%clk 0:00:06]} 47. Qxd6 {[%clk 0:00:06]} Qxg4+
{[%clk 0:00:05]} 48. Kf2 {[%clk 0:00:07]} Qd4+ {[%clk 0:00:05]} 49. Ke2
{[%clk 0:00:07]} b5 {[%clk 0:00:06]} 50. Qd7 {[%clk 0:00:08]} Qe4+
{[%clk 0:00:07]} 51. Kd2 {[%clk 0:00:09]} b4 {[%clk 0:00:08]} 52. Qxf7
{[%clk 0:00:09]} b3 {[%clk 0:00:06]} 53. d6 {[%clk 0:00:06]} b2 {[%clk 0:00:04]}
54. Qg6+ {[%clk 0:00:04]} Qxg6 {[%clk 0:00:05]} 55. hxg6+ {[%clk 0:00:05]} Kxg6
{[%clk 0:00:06]} 56. d7 {[%clk 0:00:06]} b1=Q {[%clk 0:00:05]} 57. d8=Q
{[%clk 0:00:07]} Qb4+ {[%clk 0:00:05]} 58. Ke2 {[%clk 0:00:08]} Qe4+
{[%clk 0:00:06]} 59. Kf2 {[%clk 0:00:08]} Qf4+ {[%clk 0:00:07]} 60. Kg2
{[%clk 0:00:09]} Qg5+ {[%clk 0:00:08]} 0-1

[Event "Russian Blitz Championship (m)"]
[Site "Sochi"]
[Date "2022.10.14"]
[Round "3.2"]
[White "Tomashevsky, Evgeny"]
[Black "Remizov, Yaroslav"]
[Result "1-0"]
[BlackElo "2417"]
[WhiteElo "2695"]
[LiveChessVersion "1.4.8"]

1. d4 {[%clk 0:03:03]} Nf6 {[%clk 0:03:03]} 2. c4 {[%clk 0:03:04]} e6
{[%clk 0:03:04]} 3. Nf3 {[%clk 0:03:04]} c5 {[%clk 0:03:05]} 4. e3
{[%clk 0:03:02]} cxd4 {[%clk 0:03:02]} 5. exd4 {[%clk 0:03:02]} d5
{[%clk 0:03:03]} 6. Nc3 {[%clk 0:03:02]} Nc6 {[%clk 0:03:03]} 7. a3
{[%clk 0:02:54]} Be7 {[%clk 0:03:02]} 8. c5 {[%clk 0:02:49]} Ne4 {[%clk 0:02:54]}
9. Qc2 {[%clk 0:02:47]} f5 {[%clk 0:02:52]} 10. Bb5 {[%clk 0:02:46]} Bd7
{[%clk 0:02:41]} 11. O-O {[%clk 0:02:34]} Bf6 {[%clk 0:02:33]} 12. Bxc6
{[%clk 0:02:32]} Bxc6 {[%clk 0:02:34]} 13. Bf4 {[%clk 0:02:32]} g5
{[%clk 0:02:15]} 14. Be5 {[%clk 0:02:32]} g4 {[%clk 0:02:00]} 15. Bxf6
{[%clk 0:02:33]} Qxf6 {[%clk 0:02:01]} 16. Ne5 {[%clk 0:02:33]} h5
{[%clk 0:01:45]} 17. b4 {[%clk 0:02:26]} O-O {[%clk 0:00:24]} 18. f3
{[%clk 0:02:10]} Ng5 {[%clk 0:00:14]} 19. b5 {[%clk 0:01:56]} Be8
{[%clk 0:00:14]} 20. a4 {[%clk 0:01:57]} Rc8 {[%clk 0:00:08]} 21. Rae1
{[%clk 0:01:54]} Kh8 {[%clk 0:00:07]} 22. Qd2 {[%clk 0:01:50]} Qg7
{[%clk 0:00:03]} 23. Kh1 {[%clk 0:01:48]} Rc7 {[%clk 0:00:03]} 24. fxg4
{[%clk 0:01:38]} hxg4 {[%clk 0:00:04]} 25. Nxg4 {[%clk 0:01:39]} Ne4
{[%clk 0:00:05]} 26. Nxe4 {[%clk 0:01:38]} dxe4 {[%clk 0:00:06]} 27. Ne5
{[%clk 0:01:38]} Qf6 {[%clk 0:00:04]} 28. Rxe4 {[%clk 0:01:34]} fxe4
{[%clk 0:00:05]} 29. Rxf6 {[%clk 0:01:34]} Rxf6 {[%clk 0:00:06]} 30. h3
{[%clk 0:01:35]} Rg7 {[%clk 0:00:04]} 31. Qe3 {[%clk 0:01:30]} Bh5
{[%clk 0:00:03]} 32. Kh2 {[%clk 0:01:25]} Kg8 {[%clk 0:00:03]} 33. c6
{[%clk 0:01:13]} bxc6 {[%clk 0:00:05]} 34. bxc6 {[%clk 0:01:14]} Rf1
{[%clk 0:00:05]} 35. g4 {[%clk 0:00:59]} Be8 {[%clk 0:00:07]} 36. Qxe4
{[%clk 0:01:00]} Rc1 {[%clk 0:00:08]} 37. h4 {[%clk 0:00:45]} Rc7
{[%clk 0:00:06]} 38. h5 {[%clk 0:00:46]} Bxc6 {[%clk 0:00:04]} 39. Qg6+
{[%clk 0:00:47]} Kf8 {[%clk 0:00:06]} 40. Qf6+ {[%clk 0:00:48]} Ke8
{[%clk 0:00:06]} 41. Qxe6+ {[%clk 0:00:48]} Kd8 {[%clk 0:00:05]} 42. Nf7+
{[%clk 0:00:48]} Rxf7 {[%clk 0:00:06]} 43. Qxf7 {[%clk 0:00:49]} Rh1+
{[%clk 0:00:04]} 44. Kg3 {[%clk 0:00:50]} Rg1+ {[%clk 0:00:05]} 45. Kh4
{[%clk 0:00:51]} Bd7 {[%clk 0:00:06]} 46. Qf4 {[%clk 0:00:47]} 1-0

[Event "Russian Blitz Championship (m)"]
[Site "Sochi"]
[Date "2022.10.14"]
[Round "3.3"]
[White "Sjugirov, Sanan"]
[Black "Gutenev, Alexander"]
[Result "1-0"]
[BlackElo "2414"]
[WhiteElo "2609"]
[LiveChessVersion "1.4.8"]

1. d4 {[%clk 0:03:02]} Nf6 {[%clk 0:03:03]} 2. Nf3 {[%clk 0:03:01]} g6
{[%clk 0:02:57]} 3. Nbd2 {[%clk 0:02:58]} d5 {[%clk 0:02:53]} 4. b3
{[%clk 0:02:57]} Bg7 {[%clk 0:02:54]} 5. Bb2 {[%clk 0:02:58]} O-O
{[%clk 0:02:53]} 6. e3 {[%clk 0:02:58]} c6 {[%clk 0:02:49]} 7. Be2
{[%clk 0:02:56]} Bf5 {[%clk 0:02:42]} 8. O-O {[%clk 0:02:53]} Ne4
{[%clk 0:02:32]} 9. c4 {[%clk 0:02:44]} Nd7 {[%clk 0:02:26]} 10. Rc1
{[%clk 0:02:41]} Re8 {[%clk 0:01:57]} 11. b4 {[%clk 0:02:28]} Nxd2
{[%clk 0:01:55]} 12. Qxd2 {[%clk 0:02:24]} a6 {[%clk 0:01:35]} 13. a4
{[%clk 0:02:18]} Rc8 {[%clk 0:01:05]} 14. cxd5 {[%clk 0:02:03]} cxd5
{[%clk 0:01:05]} 15. b5 {[%clk 0:02:03]} axb5 {[%clk 0:00:54]} 16. Bxb5
{[%clk 0:02:03]} Rf8 {[%clk 0:00:37]} 17. Rxc8 {[%clk 0:02:00]} Qxc8
{[%clk 0:00:38]} 18. Ba3 {[%clk 0:02:01]} Bf6 {[%clk 0:00:35]} 19. Rc1
{[%clk 0:01:59]} Qb8 {[%clk 0:00:32]} 20. h3 {[%clk 0:01:52]} Rc8
{[%clk 0:00:30]} 21. Rc3 {[%clk 0:01:27]} Nb6 {[%clk 0:00:28]} 22. Qc1
{[%clk 0:01:12]} Rxc3 {[%clk 0:00:24]} 23. Qxc3 {[%clk 0:01:13]} Qc8
{[%clk 0:00:25]} 24. Qxc8+ {[%clk 0:00:39]} Bxc8 {[%clk 0:00:26]} 25. Ne5
{[%clk 0:00:29]} Kf8 {[%clk 0:00:21]} 26. Bc5 {[%clk 0:00:28]} Bxe5
{[%clk 0:00:17]} 27. dxe5 {[%clk 0:00:27]} Nc4 {[%clk 0:00:17]} 28. f4
{[%clk 0:00:25]} h5 {[%clk 0:00:13]} 29. Kf2 {[%clk 0:00:25]} Bf5
{[%clk 0:00:14]} 30. Bb4 {[%clk 0:00:20]} h4 {[%clk 0:00:12]} 31. a5
{[%clk 0:00:20]} Be4 {[%clk 0:00:10]} 32. Bd7 {[%clk 0:00:13]} Bf5
{[%clk 0:00:10]} 33. Ba4 {[%clk 0:00:12]} Be6 {[%clk 0:00:09]} 34. Bc2
{[%clk 0:00:10]} Bf5 {[%clk 0:00:10]} 35. Bb3 {[%clk 0:00:10]} Bd7
{[%clk 0:00:10]} 36. e4 {[%clk 0:00:10]} Bc6 {[%clk 0:00:09]} 37. exd5
{[%clk 0:00:07]} Bxd5 {[%clk 0:00:11]} 38. Bc2 {[%clk 0:00:08]} Ke8
{[%clk 0:00:11]} 39. Ba4+ {[%clk 0:00:08]} Kd8 {[%clk 0:00:11]} 40. Bc2
{[%clk 0:00:06]} Kc7 {[%clk 0:00:09]} 41. Bxe7 Nxa5 {[%clk 0:00:08]} 42. Bxh4
{[%clk 0:00:08]} Nc6 {[%clk 0:00:09]} 43. g4 {[%clk 0:00:07]} b5 {[%clk 0:00:09]}
44. Bf6 {[%clk 0:00:07]} Be6 {[%clk 0:00:09]} 45. Kg3 {[%clk 0:00:06]} Nd4
{[%clk 0:00:09]} 46. Bd3 {[%clk 0:00:07]} b4 {[%clk 0:00:10]} 47. h4
{[%clk 0:00:07]} b3 {[%clk 0:00:10]} 48. Be7 {[%clk 0:00:04]} Kc6
{[%clk 0:00:06]} 49. Ba3 {[%clk 0:00:05]} Kd5 {[%clk 0:00:06]} 50. Bb2
{[%clk 0:00:06]} Bd7 {[%clk 0:00:05]} 51. Bc3 {[%clk 0:00:05]} Be6
{[%clk 0:00:06]} 52. Bb2 {[%clk 0:00:06]} Bd7 {[%clk 0:00:07]} 53. f5
{[%clk 0:00:06]} gxf5 {[%clk 0:00:07]} 54. h5 {[%clk 0:00:07]} fxg4
{[%clk 0:00:05]} 55. h6 {[%clk 0:00:08]} Bf5 {[%clk 0:00:07]} 56. Bf1
{[%clk 0:00:06]} Kxe5 {[%clk 0:00:07]} 57. Bc4 {[%clk 0:00:07]} Be6
{[%clk 0:00:06]} 58. h7 {[%clk 0:00:07]} Nf5+ {[%clk 0:00:04]} 1-0

[Event "Russian Blitz Championship (m)"]
[Site "Sochi"]
[Date "2022.10.14"]
[Round "3.4"]
[White "Faizrakhmanov, Ramil"]
[Black "Tsydypov, Zhamsaran"]
[Result "1-0"]
[BlackElo "2598"]
[WhiteElo "2421"]
[LiveChessVersion "1.4.8"]

1. d4 {[%clk 0:03:03]} Nf6 {[%clk 0:03:02]} 2. c4 {[%clk 0:03:04]} g6
{[%clk 0:03:03]} 3. Nc3 {[%clk 0:03:05]} Bg7 {[%clk 0:03:03]} 4. e4
{[%clk 0:03:06]} d6 {[%clk 0:03:04]} 5. h3 {[%clk 0:03:07]} O-O {[%clk 0:03:04]}
6. Nf3 {[%clk 0:03:08]} e5 {[%clk 0:02:57]} 7. d5 {[%clk 0:03:09]} Na6
{[%clk 0:02:36]} 8. Be3 {[%clk 0:03:06]} Nd7 {[%clk 0:02:31]} 9. g4
{[%clk 0:02:47]} Ndc5 {[%clk 0:02:28]} 10. Rg1 {[%clk 0:02:25]} Kh8
{[%clk 0:02:29]} 11. a3 {[%clk 0:01:58]} f5 {[%clk 0:02:29]} 12. gxf5
{[%clk 0:01:53]} gxf5 {[%clk 0:02:30]} 13. b4 {[%clk 0:01:47]} fxe4
{[%clk 0:01:26]} 14. Ng5 {[%clk 0:01:47]} Nd3+ {[%clk 0:01:27]} 15. Bxd3
{[%clk 0:01:47]} exd3 {[%clk 0:01:28]} 16. Nce4 {[%clk 0:01:34]} Qe8
{[%clk 0:01:19]} 17. Qxd3 {[%clk 0:01:06]} Bf5 {[%clk 0:01:20]} 18. Ne6
{[%clk 0:01:02]} Rg8 {[%clk 0:00:13]} 19. O-O-O {[%clk 0:00:53]} Qe7
{[%clk 0:00:09]} 20. Bg5 {[%clk 0:00:43]} Qf7 {[%clk 0:00:11]} 21. Nxg7
{[%clk 0:00:32]} Rxg7 {[%clk 0:00:12]} 22. f3 {[%clk 0:00:20]} Rag8
{[%clk 0:00:10]} 23. Qe3 {[%clk 0:00:19]} Rg6 {[%clk 0:00:10]} 24. h4
{[%clk 0:00:16]} h5 {[%clk 0:00:09]} 25. Rg3 {[%clk 0:00:13]} Bxe4
{[%clk 0:00:08]} 26. Qxe4 {[%clk 0:00:13]} b5 {[%clk 0:00:07]} 27. cxb5
{[%clk 0:00:13]} Nb8 {[%clk 0:00:09]} 28. Rdg1 Nd7 29. f4 {[%clk 0:00:14]} exf4
{[%clk 0:00:10]} 30. Qxf4 {[%clk 0:00:15]} Qxd5 {[%clk 0:00:05]} 31. Bf6+ Kh7 32.
Rxg6 {[%clk 0:00:15]} Rxg6 {[%clk 0:00:08]} 33. Rxg6 Kxg6 34. Qg5+
{[%clk 0:00:16]} Qxg5+ {[%clk 0:00:10]} 35. Bxg5 {[%clk 0:00:17]} Ne5
{[%clk 0:00:08]} 36. Bd8 {[%clk 0:00:13]} Nc4 {[%clk 0:00:07]} 37. a4
{[%clk 0:00:13]} Nb6 {[%clk 0:00:07]} 38. a5 {[%clk 0:00:13]} Nd5
{[%clk 0:00:08]} 39. Kd2 {[%clk 0:00:12]} Kf5 {[%clk 0:00:10]} 40. Kd3
{[%clk 0:00:12]} c6 {[%clk 0:00:07]} 41. Kc4 {[%clk 0:00:10]} Ne3+
{[%clk 0:00:09]} 42. Kd4 {[%clk 0:00:10]} Nc2+ {[%clk 0:00:09]} 43. Kc3
{[%clk 0:00:11]} Ne3 {[%clk 0:00:06]} 44. bxc6 {[%clk 0:00:12]} Ke6
{[%clk 0:00:07]} 45. a6 {[%clk 0:00:10]} Nd5+ {[%clk 0:00:07]} 46. Kd4
{[%clk 0:00:11]} Nxb4 {[%clk 0:00:08]} 47. c7 {[%clk 0:00:09]} Kd7
{[%clk 0:00:09]} 48. Ke4 {[%clk 0:00:04]} Nxa6 {[%clk 0:00:10]} 49. Kf5
{[%clk 0:00:05]} Nxc7 {[%clk 0:00:11]} 50. Bg5 {[%clk 0:00:06]} Ne6
{[%clk 0:00:12]} 51. Be3 {[%clk 0:00:07]} a5 {[%clk 0:00:13]} 52. Kg6
{[%clk 0:00:08]} a4 {[%clk 0:00:14]} 53. Kxh5 {[%clk 0:00:08]} d5
{[%clk 0:00:14]} 54. Kg4 {[%clk 0:00:08]} a3 {[%clk 0:00:15]} 55. Bc1
{[%clk 0:00:10]} a2 {[%clk 0:00:16]} 56. Bb2 {[%clk 0:00:11]} Nc5
{[%clk 0:00:15]} 57. h5 {[%clk 0:00:11]} Nd3 {[%clk 0:00:15]} 58. Bd4
{[%clk 0:00:07]} Nf2+ {[%clk 0:00:10]} 59. Kf5 {[%clk 0:00:04]} Ne4
{[%clk 0:00:11]} 60. h6 {[%clk 0:00:05]} Nd6+ {[%clk 0:00:13]} 61. Kg6
{[%clk 0:00:05]} Ke6 {[%clk 0:00:12]} 62. h7 {[%clk 0:00:06]} Nf7
{[%clk 0:00:13]} 63. Kg7 {[%clk 0:00:06]} Ke7 {[%clk 0:00:15]} 64. Ba1
{[%clk 0:00:05]} Ke6 {[%clk 0:00:15]} 65. Bf6 {[%clk 0:00:05]} Nh8
{[%clk 0:00:14]} 66. Kxh8 {[%clk 0:00:05]} Kf7 {[%clk 0:00:07]} 67. Bd4
{[%clk 0:00:03]} Kf8 {[%clk 0:00:08]} 68. Bb2 {[%clk 0:00:04]} Kf7
{[%clk 0:00:09]} 69. Bg7 {[%clk 0:00:05]} d4 {[%clk 0:00:03]} 70. Bxd4
{[%clk 0:00:06]} Kf8 {[%clk 0:00:04]} 71. Bc3 {[%clk 0:00:07]} Kf7
{[%clk 0:00:05]} 72. Bg7 {[%clk 0:00:09]} 1-0